[Event "ENCI Limburg-open C"]
[Site "Maastricht"]
[Date "2011.06.13"]
[Round "7"]
[White "De Lange, Marieke"]
[Black "Heuts, Guido"]
[Result "0-1"]
[WhiteElo "1254"]
[BlackElo "1397"]
[PlyCount "72"]
[EventDate "2011.06.10"]
[EventType "swiss"]
[EventRounds "7"]
[EventCountry "NED"]
[Source "P.Boonen"]
[SourceDate "2012.01.01"]

1. e4 c6 2. Nc3 d5 3. g3 d4 4. Nce2 e5 5. Nf3 Bd6 6. c3 c5 7. d3 h6 8. Bg2 Nf6
9. O-O Nc6 10. b4 cxb4 11. cxb4 Bxb4 12. Qb3 Be6 13. Qa4 O-O 14. Ne1 Bd6 15. f4
Bg4 16. Bf3 Qd7 17. Nc2 a6 18. Qb3 b5 19. a4 Rab8 20. axb5 Rxb5 21. Qa4 Ra8 22.
Ba3 Bxf3 23. Rxf3 Bxa3 24. Nxa3 Rb4 25. Qc2 Rab8 26. Qc5 Rb2 27. Nc1 Ng4 28. h3
Ne3 29. Rxe3 dxe3 30. Qxe3 Qxh3 31. Ne2 Nd4 32. Re1 Nxe2+ 33. Rxe2 R2b3 34. Nc4
exf4 35. Qxf4 Rb1+ 36. Kf2 Rf1+ 0-1

[Event "ENCI Limburg-open C"]
[Site "Maastricht"]
[Date "2011.06.13"]
[Round "7"]
[White "De Ridder, Gertie"]
[Black "Schlepuetz, Volker"]
[Result "0-1"]
[WhiteElo "1020"]
[BlackElo "1396"]
[PlyCount "84"]
[EventDate "2011.06.10"]
[EventType "swiss"]
[EventRounds "7"]
[EventCountry "NED"]
[Source "P.Boonen"]
[SourceDate "2012.01.01"]

1. e4 c5 2. Nf3 d6 3. d4 cxd4 4. Nxd4 Nf6 5. Nc3 a6 6. Be3 e6 7. f3 Be7 8. Bd3
Qc7 9. Qd2 O-O 10. h4 Nc6 11. a3 Nxd4 12. Bxd4 b5 13. g4 Bb7 14. g5 Nd7 15. h5
Ne5 16. Rh3 Nxd3+ 17. cxd3 d5 18. e5 Bc5 19. Qe3 Rac8 20. Rc1 Qe7 21. Rh4 Rc6
22. Rh2 Bxd4 23. Qxd4 Qxg5 24. Rhc2 Qg3+ 25. Qf2 Qxe5+ 26. Ne2 Rxc2 27. Rxc2 d4
28. Qxd4 Qxd4 29. Nxd4 e5 30. Nf5 Bxf3 31. h6 gxh6 32. Kf2 Bh5 33. Nxh6+ Kg7
34. Nf5+ Kf6 35. Ng3 Kg5 36. Ke3 f5 37. Nf1 f4+ 38. Ke4 Bg6+ 39. Kf3 Bxd3 40.
Rg2+ Kf5 41. Rg1 e4+ 42. Kf2 Rc8 0-1

[Event "ENCI Limburg-open C"]
[Site "Maastricht"]
[Date "2011.06.13"]
[Round "7"]
[White "De Vries, Robert"]
[Black "Mossin, Ivar Alexander"]
[Result "1/2-1/2"]
[WhiteElo "1536"]
[BlackElo "1175"]
[PlyCount "63"]
[EventDate "2011.06.10"]
[EventType "swiss"]
[EventRounds "7"]
[EventCountry "NED"]
[Source "P.Boonen"]
[SourceDate "2012.01.01"]

1. e4 e6 2. Nf3 d5 3. exd5 exd5 4. d4 Bd6 5. Bd3 Ne7 6. O-O O-O 7. Bg5 f6 8.
Bh4 Bf5 9. Nc3 c6 10. Ne2 Nd7 11. Bg3 Bxg3 12. Nxg3 Bxd3 13. Qxd3 Re8 14. Rfe1
Qb6 15. b3 Ng6 16. Qf5 Ndf8 17. c3 Qc7 18. Qc2 Nd7 19. c4 dxc4 20. Qxc4+ Kh8
21. Rxe8+ Rxe8 22. Qf7 Rf8 23. Qe6 Nf4 24. Qe3 Nd5 25. Qe4 N7b6 26. Re1 Qd7 27.
Nd2 Nc7 28. Nf3 Re8 29. Qb1 Re6 30. Ne4 Na6 31. Nc5 Nxc5 32. dxc5 1/2-1/2

[Event "ENCI Limburg-open C"]
[Site "Maastricht"]
[Date "2011.06.13"]
[Round "7"]
[White "Dijkstra, Hidde"]
[Black "Bratuszewski, Jorden"]
[Result "1-0"]
[WhiteElo "1505"]
[BlackElo "1198"]
[PlyCount "119"]
[EventDate "2011.06.10"]
[EventType "swiss"]
[EventRounds "7"]
[EventCountry "NED"]
[Source "P.Boonen"]
[SourceDate "2012.01.01"]

1. d4 d5 2. c4 Nf6 3. Nc3 Bf5 4. e3 e6 5. Nf3 c6 6. Be2 Bd6 7. O-O O-O 8. b3
Nbd7 9. Bb2 Re8 10. Rc1 Rc8 11. Nd2 e5 12. dxe5 Bxe5 13. Nf3 Bg4 14. Nxe5 Bxe2
15. Qxe2 Nxe5 16. Rfd1 Qe7 17. cxd5 cxd5 18. Nxd5 Nxd5 19. Rxc8 Rxc8 20. Rxd5
f6 21. Qd1 Qc7 22. Bxe5 fxe5 23. Rd2 Qc1 24. Kf1 Qxd1+ 25. Rxd1 Rc2 26. a4 Rb2
27. Rd8+ Kf7 28. Rd7+ Kf6 29. Rxb7 h5 30. b4 a5 31. b5 Ra2 32. b6 Rxa4 33. Rb8
Rb4 34. b7 Kg6 35. Ra8 Rxb7 36. Rxa5 Kf6 37. Ke2 g6 38. Kf3 Rb4 39. Kg3 Rg4+
40. Kh3 g5 41. f3 Rc4 42. e4 Rc6 43. Kg3 Re6 44. h4 Kg6 45. Ra8 gxh4+ 46. Kxh4
Rf6 47. Rg8+ Kf7 48. Rg5 Rg6 49. Kxh5 Re6 50. Kg4 Ke7 51. Kf5 Ra6 52. Kxe5 Kd7
53. Rg7+ Ke8 54. Kf5 Kf8 55. Rb7 Ra5+ 56. e5 Ra2 57. g4 Rh2 58. g5 Kg8 59. g6
Rf2 60. f4 1-0

[Event "ENCI Limburg-open C"]
[Site "Maastricht"]
[Date "2011.06.13"]
[Round "7"]
[White "Disters, Ingrid"]
[Black "Toniolatti, Alessio"]
[Result "1-0"]
[WhiteElo "1101"]
[BlackElo "1139"]
[PlyCount "47"]
[EventDate "2011.06.10"]
[EventType "swiss"]
[EventRounds "7"]
[EventCountry "NED"]
[Source "P.Boonen"]
[SourceDate "2012.01.01"]

1. e4 e5 2. Nf3 Nc6 3. Bb5 Bc5 4. O-O Nge7 5. Nc3 d6 6. d4 exd4 7. Nxd4 Bxd4 8.
Qxd4 O-O 9. Bxc6 Nxc6 10. Qd3 Ne5 11. Qg3 Be6 12. Bh6 Qf6 13. Bg5 Qg6 14. Ne2
Rfe8 15. f3 Bc4 16. Nf4 Bxf1 17. Nxg6 Bc4 18. Nf4 c5 19. Bf6 g6 20. Rd1 Nc6 21.
Qh4 h5 22. Nxh5 Nd4 23. Nf4 g5 24. Qh8# 1-0

[Event "ENCI Limburg-open C"]
[Site "Maastricht"]
[Date "2011.06.13"]
[Round "7"]
[White "Freriks, Oscar"]
[Black "Mooren, Jo"]
[Result "1-0"]
[WhiteElo "1505"]
[BlackElo "1685"]
[PlyCount "43"]
[EventDate "2011.06.10"]
[EventType "swiss"]
[EventRounds "7"]
[EventCountry "NED"]
[Source "P.Boonen"]
[SourceDate "2012.01.01"]

1. e4 g6 2. d4 Bg7 3. f4 d6 4. Nf3 Nd7 5. Bc4 c5 6. c3 Qc7 7. Qb3 e6 8. O-O Ne7
9. Be3 O-O 10. Nbd2 Nb6 11. Be2 h6 12. Rac1 f5 13. e5 dxe5 14. Nxe5 Bxe5 15.
fxe5 Kg7 16. Nc4 Nxc4 17. Bxc4 cxd4 18. cxd4 Qb6 19. Qa3 Qd8 20. Rf3 Nd5 21.
Bxd5 Qxd5 22. Bxh6+ 1-0

[Event "ENCI Limburg-open C"]
[Site "Maastricht"]
[Date "2011.06.13"]
[Round "7"]
[White "Gidding, Mark"]
[Black "Ulburghs, Piet"]
[Result "1/2-1/2"]
[WhiteElo "1470"]
[BlackElo "1697"]
[PlyCount "98"]
[EventDate "2011.06.10"]
[EventType "swiss"]
[EventRounds "7"]
[EventCountry "NED"]
[Source "P.Boonen"]
[SourceDate "2012.01.01"]

1. e4 c5 2. Nf3 e6 3. d4 cxd4 4. Nxd4 a6 5. c4 Nc6 6. Nc3 Bb4 7. Be3 Nge7 8.
Be2 O-O 9. O-O Bxc3 10. bxc3 d6 11. f4 e5 12. Nxc6 Nxc6 13. f5 f6 14. Qd5+ Kh8
15. Rad1 Qa5 16. Qxd6 Rd8 17. Qc5 h6 18. Qxa5 Rxd1 19. Rxd1 Nxa5 20. Rd8+ Kh7
21. Bh5 g5 22. Bg6+ Kg7 23. Bc5 Nc6 24. Bf8+ Kg8 25. Re8 Bxf5 26. Bxh6+ Rxe8
27. Bxe8 Bxe4 28. Bxc6 Bxc6 29. h4 Kh7 30. hxg5 f5 31. Bf8 Kg6 32. Be7 Bd7 33.
c5 a5 34. Kf2 Kf7 35. Bf6 Ke6 36. g3 Be8 37. Ke3 a4 38. a3 Kd5 39. Be7 Kc4 40.
Bd6 e4 41. g4 fxg4 42. Kxe4 Bh5 43. Kf5 g3 44. Bxg3 Kxc5 45. g6 Bf3 46. Kf6 Bd5
47. Kg7 b5 48. Kf8 Kc4 49. Bd6 Be6 1/2-1/2

[Event "ENCI Limburg-open C"]
[Site "Maastricht"]
[Date "2011.06.13"]
[Round "7"]
[White "Giesen, Janneke"]
[Black "Schoffelen, Jan"]
[Result "1-0"]
[WhiteElo "1268"]
[BlackElo "1345"]
[PlyCount "77"]
[EventDate "2011.06.10"]
[EventType "swiss"]
[EventRounds "7"]
[EventCountry "NED"]
[Source "P.Boonen"]
[SourceDate "2012.01.01"]

1. e4 c5 2. Nf3 d6 3. d4 cxd4 4. Nxd4 Nf6 5. Nc3 a6 6. Bd3 Bg4 7. f3 Bd7 8. O-O
e6 9. Bg5 Be7 10. Qd2 Qb6 11. Be3 Qc7 12. Kh1 e5 13. Nde2 Nc6 14. Nd5 Nxd5 15.
exd5 Na7 16. a4 b5 17. axb5 axb5 18. Qa5 Qxa5 19. Rxa5 O-O 20. Rxa7 Rxa7 21.
Bxa7 Ra8 22. Be3 Bc8 23. Bxb5 Rb8 24. Nc3 Bf6 25. Ra1 h6 26. Bd3 g6 27. Nb5 Be7
28. Ra3 Bd7 29. c4 Kg7 30. Ra7 Bxb5 31. cxb5 Bf6 32. Rd7 e4 33. fxe4 Be5 34. b6
Ra8 35. Ra7 Rb8 36. b7 Bxb2 37. Ba6 Re8 38. Ra8 Rxe4 39. b8=Q 1-0

[Event "ENCI Limburg-open C"]
[Site "Maastricht"]
[Date "2011.06.13"]
[Round "7"]
[White "Gulikers, Ruud"]
[Black "Snoeks, Marnicq"]
[Result "0-1"]
[WhiteElo "1631"]
[BlackElo "1387"]
[PlyCount "62"]
[EventDate "2011.06.10"]
[EventType "swiss"]
[EventRounds "7"]
[EventCountry "NED"]
[Source "P.Boonen"]
[SourceDate "2012.01.01"]

1. e4 e5 2. d4 exd4 3. Bc4 Bc5 4. Nf3 Ne7 5. c3 dxc3 6. Nxc3 O-O 7. Qb3 Nbc6 8.
Ng5 Ne5 9. Be2 N7c6 10. Bf4 Ng6 11. Bd2 Nd4 12. Qd1 Nxe2 13. Qxe2 Bd4 14. O-O-O
Bxc3 15. Bxc3 Qxg5+ 16. Kb1 d6 17. f3 Be6 18. g3 Qc5 19. Rc1 Qb6 20. f4 f5 21.
h4 fxe4 22. h5 Ne7 23. h6 g6 24. Ka1 Qa6 25. Qxa6 bxa6 26. Bg7 Rfc8 27. Rhe1 d5
28. Rc5 c6 29. Ra5 Nf5 30. Rxa6 Nxg7 31. hxg7 Kxg7 0-1

[Event "ENCI Limburg-open C"]
[Site "Maastricht"]
[Date "2011.06.13"]
[Round "7"]
[White "Heinen, Dai"]
[Black "Van der Wouw, Paul"]
[Result "1/2-1/2"]
[WhiteElo "1501"]
[BlackElo "1538"]
[PlyCount "65"]
[EventDate "2011.06.10"]
[EventType "swiss"]
[EventRounds "7"]
[EventCountry "NED"]
[Source "P.Boonen"]
[SourceDate "2012.01.01"]

1. e4 d5 2. exd5 Nf6 3. Nc3 Nxd5 4. Nxd5 Qxd5 5. Qf3 Qxf3 6. Nxf3 Bf5 7. Nd4
Bg6 8. Nb5 Kd8 9. c3 e5 10. b3 Nc6 11. Be2 Kd7 12. O-O Rd8 13. Na3 Kc8 14. Nc4
Bd3 15. Re1 f6 16. Bxd3 Rxd3 17. Re3 Rd7 18. Re2 Be7 19. Bb2 Rhd8 20. Rd1 a6
21. b4 Bf8 22. a3 Ne7 23. Kf1 Nd5 24. g3 Ne7 25. Ke1 Kb8 26. a4 b6 27. Re4 Nc8
28. Ke2 Nd6 29. Nxd6 Rxd6 30. Ba3 R6d7 31. Bb2 Kb7 32. Ke3 Rd3+ 33. Ke2 1/2-1/2

[Event "ENCI Limburg-open C"]
[Site "Maastricht"]
[Date "2011.06.13"]
[Round "7"]
[White "Hendrikse, Arnoud"]
[Black "Schleicher, Floris"]
[Result "1/2-1/2"]
[WhiteElo "1707"]
[BlackElo "1596"]
[PlyCount "47"]
[EventDate "2011.06.10"]
[EventType "swiss"]
[EventRounds "7"]
[EventCountry "NED"]
[Source "P.Boonen"]
[SourceDate "2012.01.01"]

1. Nf3 d5 2. d4 Nf6 3. g3 c6 4. Bg2 e6 5. Nbd2 Nbd7 6. O-O Bd6 7. Re1 O-O 8. e4
dxe4 9. Nxe4 Nxe4 10. Rxe4 Nf6 11. Re1 Qc7 12. c3 Rd8 13. Bg5 Be7 14. Qc2 Nd5
15. Rad1 b6 16. Bxe7 Nxe7 17. h4 Nd5 18. Ne5 Bb7 19. Nd3 Rac8 20. b3 Nf6 21.
Nb2 Ba8 22. Na4 Nd7 23. c4 c5 24. Nc3 1/2-1/2

[Event "ENCI Limburg-open C"]
[Site "Maastricht"]
[Date "2011.06.13"]
[Round "7"]
[White "Huzen, Maron"]
[Black "Van Ginneken, Maikel"]
[Result "0-1"]
[WhiteElo "1387"]
[BlackElo "1337"]
[PlyCount "90"]
[EventDate "2011.06.10"]
[EventType "swiss"]
[EventRounds "7"]
[EventCountry "NED"]
[Source "P.Boonen"]
[SourceDate "2012.01.01"]

1. e4 e5 2. Nf3 Nc6 3. Bc4 Bc5 4. c3 Qf6 5. Qe2 Nge7 6. b4 Bb6 7. b5 Na5 8. h3
O-O 9. O-O Nxc4 10. Qxc4 Qg6 11. Nxe5 Qg5 12. d4 Qf6 13. Ng4 Qg6 14. Nd2 d6 15.
Qe2 h5 16. Ne3 Bxh3 17. Qf3 Bg4 18. Nxg4 hxg4 19. Qg3 f5 20. Qf4 Rae8 21. Nc4
fxe4 22. Qg5 Qe6 23. Ne3 c5 24. d5 Qf7 25. c4 Ba5 26. Nxg4 Ng6 27. Bb2 Qf5 28.
Nf6+ Rxf6 29. Bxf6 Qxf6 30. Qe3 Bc3 31. Rac1 Bd4 32. Qe2 e3 33. fxe3 Bxe3+ 34.
Qxe3 Rxe3 35. Rxf6 gxf6 36. Rb1 Rc3 37. b6 a6 38. Re1 Ne5 39. Rf1 Kf7 40. Rf5
Nxc4 41. Rh5 Kg6 42. Rh8 Nxb6 43. Rb8 Nxd5 44. Rxb7 Nb4 45. Rb6 d5 0-1

[Event "ENCI Limburg-open C"]
[Site "Maastricht"]
[Date "2011.06.13"]
[Round "7"]
[White "Johnson, Mark1"]
[Black "Beukema, Christiaan"]
[Result "1-0"]
[WhiteElo "1138"]
[BlackElo "1071"]
[PlyCount "83"]
[EventDate "2011.06.10"]
[EventType "swiss"]
[EventRounds "7"]
[EventCountry "NED"]
[Source "P.Boonen"]
[SourceDate "2012.01.01"]

1. e4 e5 2. Nf3 Nc6 3. d4 exd4 4. Nxd4 Bc5 5. Be3 Nf6 6. Nxc6 bxc6 7. Bxc5 Nxe4
8. Be3 Qe7 9. Qf3 O-O 10. c3 d5 11. Nd2 Nd6 12. Bd3 Rb8 13. Rb1 f5 14. O-O Qf7
15. Bxa7 Ra8 16. Bc5 f4 17. Bxd6 cxd6 18. a3 Ra7 19. Rfe1 Qf6 20. Nb3 Bb7 21.
Re2 Qg5 22. Rbe1 c5 23. Bc2 d4 24. Be4 d5 25. Bc2 Bc8 26. h3 d3 27. Re5 Qf6 28.
Bd1 c4 29. Qxd5+ Kh8 30. Qxc4 Qg6 31. Kh2 Bb7 32. Rg1 Ba6 33. Qc5 Qf6 34. Rge1
Raa8 35. Qd5 f3 36. Bxf3 Rad8 37. Qe4 Qd6 38. Nd2 h6 39. Kg1 Qd7 40. Re6 Bb7
41. Qe5 Bxf3 42. Re7 1-0

[Event "ENCI Limburg-open C"]
[Site "Maastricht"]
[Date "2011.06.13"]
[Round "7"]
[White "Katoen, Tom"]
[Black "Weerts, Rene"]
[Result "0-1"]
[WhiteElo "1330"]
[BlackElo "1651"]
[PlyCount "96"]
[EventDate "2011.06.10"]
[EventType "swiss"]
[EventRounds "7"]
[EventCountry "NED"]
[Source "P.Boonen"]
[SourceDate "2012.01.01"]

1. c4 g6 2. d4 Bg7 3. Nc3 c6 4. Nf3 d6 5. e4 Na6 6. a3 Nc7 7. Bd3 Bd7 8. Be3 h5
9. O-O Nh6 10. h3 Qc8 11. Bxh6 Bxh6 12. Ne2 Bxh3 13. gxh3 Qxh3 14. Nh2 Ne6 15.
f3 Be3+ 16. Kh1 Nxd4 17. Nxd4 Bxd4 18. Qe2 O-O-O 19. f4 Bxb2 20. Ra2 Bd4 21.
Qf3 Qh4 22. f5 g5 23. Kg2 g4 24. Qg3 Qg5 25. Qf4 Qf6 26. Kh1 Be5 27. Qf2 g3 28.
Qxa7 Bd4 29. Qa5 Kd7 30. Nf3 h4 31. Nxd4 Qxd4 32. Rb1 Qxd3 33. Rxb7+ Ke8 34.
Qb6 Qxe4+ 35. Kg1 Qe1+ 36. Kg2 h3+ 37. Kf3 Qh1+ 38. Kxg3 Rg8+ 39. Kf4 Qf1+ 40.
Rf2 Qxc4+ 41. Kf3 Qd5+ 42. Kf4 Qc4+ 43. Kf3 Qd3+ 44. Kf4 Qg3+ 45. Ke4 d5+ 46.
Kd4 Rg4+ 47. Rf4 Rxf4+ 48. Ke5 Re4# 0-1

[Event "ENCI Limburg-open C"]
[Site "Maastricht"]
[Date "2011.06.13"]
[Round "7"]
[White "Klokgieters, Dick"]
[Black "Schrader, Bernd"]
[Result "1-0"]
[WhiteElo "1522"]
[BlackElo "1372"]
[PlyCount "59"]
[EventDate "2011.06.10"]
[EventType "swiss"]
[EventRounds "7"]
[EventCountry "NED"]
[Source "P.Boonen"]
[SourceDate "2012.01.01"]

1. d4 d5 2. g3 c6 3. c3 Nf6 4. Bg2 Bf5 5. Nd2 e6 6. e3 Bd6 7. Ne2 Nbd7 8. O-O
O-O 9. f3 c5 10. e4 dxe4 11. fxe4 cxd4 12. exf5 dxc3 13. Nxc3 Qc7 14. Nde4 Nxe4
15. Nxe4 Be5 16. fxe6 fxe6 17. Rxf8+ Rxf8 18. Qb3 Nc5 19. Nxc5 Qxc5+ 20. Be3
Bd4 21. Qxe6+ Kh8 22. Bxd4 Qxd4+ 23. Kh1 Qxb2 24. Rf1 Rd8 25. Qf7 Qb4 26. Bxb7
h6 27. Bg2 a5 28. Bd5 Qc5 29. Be4 a4 30. Qg6 1-0

[Event "ENCI Limburg-open C"]
[Site "Maastricht"]
[Date "2011.06.13"]
[Round "7"]
[White "Mathee, Jochen"]
[Black "Elisen, Peter"]
[Result "1-0"]
[WhiteElo "1650"]
[BlackElo "1500"]
[PlyCount "27"]
[EventDate "2011.06.10"]
[EventType "swiss"]
[EventRounds "7"]
[EventCountry "NED"]
[Source "P.Boonen"]
[SourceDate "2012.01.01"]

1. d4 Nf6 2. Nf3 d5 3. e3 e6 4. Bd3 b6 5. Qe2 Bb7 6. Nbd2 c5 7. c3 cxd4 8. exd4
Bd6 9. O-O O-O 10. Ne5 Nbd7 11. f4 Qc7 12. g4 Ne8 13. g5 f6 14. Bxh7+ 1-0

[Event "ENCI Limburg-open C"]
[Site "Maastricht"]
[Date "2011.06.13"]
[Round "7"]
[White "Memeti, Memet"]
[Black "De Schepper, Marcel"]
[Result "0-1"]
[WhiteElo "1464"]
[BlackElo "1617"]
[PlyCount "45"]
[EventDate "2011.06.10"]
[EventType "swiss"]
[EventRounds "7"]
[EventCountry "NED"]
[Source "P.Boonen"]
[SourceDate "2012.01.01"]

1. g3 d5 2. Bg2 e5 3. d3 Nf6 4. c3 Be7 5. Nf3 Nc6 6. O-O O-O 7. Nbd2 h6 8. e4
dxe4 9. dxe4 Be6 10. Qc2 Bd6 11. Nb3 Qe7 12. Nh4 Rfd8 13. Nf5 Qf8 14. h3 a5 15.
a4 Ne7 16. g4 c6 17. Be3 Bxb3 18. Qxb3 Nxf5 19. gxf5 Qe7 20. Kh2 Rd7 21. Rg1
Bc5 22. Bxc5 Qxc5 23. Qc2 {.....} 0-1

[Event "ENCI Limburg-open C"]
[Site "Maastricht"]
[Date "2011.06.13"]
[Round "7"]
[White "Mollema, Henk"]
[Black "Feltman, Bart"]
[Result "0-1"]
[WhiteElo "1397"]
[BlackElo "1607"]
[PlyCount "31"]
[EventDate "2011.06.10"]
[EventType "swiss"]
[EventRounds "7"]
[EventCountry "NED"]
[Source "P.Boonen"]
[SourceDate "2012.01.01"]

1. e4 e6 2. d4 d5 3. e5 c5 4. c3 Nc6 5. Nf3 f6 6. Bf4 Qb6 7. Qd2 Bd7 8. a4 a6
9. Na3 cxd4 10. cxd4 Bb4 11. Nc2 Bxd2+ 12. Bxd2 fxe5 13. dxe5 Qxb2 14. Bd3 Nxe5
15. Nxe5 Qxe5+ 16. Be3 0-1

[Event "ENCI Limburg-open C"]
[Site "Maastricht"]
[Date "2011.06.13"]
[Round "7"]
[White "Overtoom, Reinier"]
[Black "Vossen, Martijn"]
[Result "1/2-1/2"]
[WhiteElo "1668"]
[BlackElo "1564"]
[PlyCount "58"]
[EventDate "2011.06.10"]
[EventType "swiss"]
[EventRounds "7"]
[EventCountry "NED"]
[Source "P.Boonen"]
[SourceDate "2012.01.01"]

1. Nc3 d6 2. g3 g6 3. Bg2 Bg7 4. e4 Nf6 5. d4 O-O 6. Nge2 Nbd7 7. O-O c5 8. h3
Rb8 9. a4 b6 10. Re1 cxd4 11. Nxd4 Bb7 12. Kh2 Ne8 13. Be3 Nc7 14. Qd2 Nc5 15.
Bh6 N5e6 16. Bxg7 Kxg7 17. Rad1 Qe8 18. b3 Rd8 19. Qe3 Nxd4 20. Qxd4+ e5 21.
Qe3 Qc6 22. Rd2 f5 23. f3 f4 24. gxf4 Rxf4 25. Ne2 Rf6 26. Red1 Ne6 27. c4 Nf4
28. Nxf4 Rxf4 29. Rd3 Bc8 1/2-1/2

[Event "ENCI Limburg-open C"]
[Site "Maastricht"]
[Date "2011.06.13"]
[Round "7"]
[White "Oxener, Aldo"]
[Black "Geene, Patrick"]
[Result "1/2-1/2"]
[WhiteElo "1465"]
[BlackElo "1531"]
[PlyCount "56"]
[EventDate "2011.06.10"]
[EventType "swiss"]
[EventRounds "7"]
[EventCountry "NED"]
[Source "P.Boonen"]
[SourceDate "2012.01.01"]

1. d4 d5 2. Nf3 Nc6 3. e3 Nf6 4. b3 Bf5 5. Bb2 e6 6. a3 Bd6 7. Bd3 Bg4 8. Nbd2
Qe7 9. Qb1 a6 10. Ne5 Bxe5 11. dxe5 Nd7 12. f4 Qc5 13. Kf2 Ne7 14. Bd4 Qc6 15.
b4 Nf5 16. Qb2 Nxd4 17. Qxd4 Qb6 18. c4 Qxd4 19. exd4 c6 20. cxd5 cxd5 21. Rhc1
Ke7 22. Rc7 Rab8 23. Rac1 Rhd8 24. Nb3 Ke8 25. Nc5 Nxc5 26. R1xc5 Bd1 27. f5
Bg4 28. fxe6 Bxe6 1/2-1/2

[Event "ENCI Limburg-open C"]
[Site "Maastricht"]
[Date "2011.06.13"]
[Round "7"]
[White "Parren, Ashley"]
[Black "Klokgieters, Jeroen"]
[Result "1-0"]
[WhiteElo "1190"]
[BlackElo "1150"]
[PlyCount "37"]
[EventDate "2011.06.10"]
[EventType "swiss"]
[EventRounds "7"]
[EventCountry "NED"]
[Source "P.Boonen"]
[SourceDate "2012.01.01"]

1. d4 d5 2. e3 Nf6 3. Bd3 b6 4. b3 Bb7 5. Bb2 e6 6. Nf3 Nbd7 7. Nbd2 Be7 8. O-O
O-O 9. Qe2 Ne4 10. Ne5 Nxe5 11. dxe5 Nxd2 12. Qxd2 f6 13. f4 fxe5 14. Bxe5 Bf6
15. Bc3 d4 16. Bxd4 Bxd4 17. exd4 Qxd4+ 18. Kh1 Rf6 19. Bxh7+ 1-0

[Event "ENCI Limburg-open C"]
[Site "Maastricht"]
[Date "2011.06.13"]
[Round "7"]
[White "Quintana, Till"]
[Black "Roemhild, Wolfgang"]
[Result "1-0"]
[WhiteElo "1695"]
[BlackElo "1696"]
[PlyCount "70"]
[EventDate "2011.06.10"]
[EventType "swiss"]
[EventRounds "7"]
[EventCountry "NED"]
[Source "P.Boonen"]
[SourceDate "2012.01.01"]

1. e4 e5 2. Nf3 Nc6 3. Bb5 Nge7 4. O-O g6 5. Re1 Bg7 6. Nc3 O-O 7. d3 d6 8. Be3
f5 9. Bc4+ Kh8 10. Bg5 f4 11. Nd5 h6 12. Bxe7 Nxe7 13. Nxe7 Qxe7 14. c3 Bg4 15.
Nxe5 dxe5 16. Qxg4 f3 17. g3 Kh7 18. Rad1 Rad8 19. h4 Rd6 20. Qh3 g5 21. hxg5
Rg6 22. d4 Qxg5 23. dxe5 Qxe5 24. Rd5 Qe7 25. Rf5 Qd7 26. Rxf8 Qd2 27. Rf1 Bxf8
28. Qf5 Qg5 29. Qxf8 Rf6 30. Qe7+ Kg6 31. e5 Rf5 32. Qxg5+ Rxg5 33. Re1 h5 34.
e6 h4 35. e7 hxg3 1-0

[Event "ENCI Limburg-open C"]
[Site "Maastricht"]
[Date "2011.06.13"]
[Round "7"]
[White "Roesler, Manfred"]
[Black "Boer, Jan"]
[Result "0-1"]
[WhiteElo "1599"]
[BlackElo "1729"]
[PlyCount "61"]
[EventDate "2011.06.10"]
[EventType "swiss"]
[EventRounds "7"]
[EventCountry "NED"]
[Source "P.Boonen"]
[SourceDate "2012.01.01"]

1. d4 d5 2. Nf3 c6 3. e3 Nf6 4. c4 e6 5. cxd5 exd5 6. Nc3 Bb4 7. Bd3 O-O 8. O-O
Re8 9. Qc2 Nbd7 10. a3 Ba5 11. b4 Bc7 12. Bb2 Nb6 13. Rae1 Nc4 14. Bc1 b5 15.
e4 dxe4 16. Nxe4 Nxe4 17. Bxe4 Re6 18. Bxh7+ Kh8 19. Rxe6 Bxe6 20. Be4 Qd6 21.
g3 Qd7 22. Ng5 g6 23. Qc3 Bd5 24. Qf3 f5 25. Bxd5 Qxd5 26. Qxd5 cxd5 27. Re1
Bb6 28. Nh3 Rd8 29. Nf4 Rd6 30. Re8+ Kg7 31. Ne2 {.....} 0-1

[Event "ENCI Limburg-open C"]
[Site "Maastricht"]
[Date "2011.06.13"]
[Round "7"]
[White "Scheeren, Wiel"]
[Black "Beissel, Daniel"]
[Result "1-0"]
[WhiteElo "1625"]
[BlackElo "1586"]
[PlyCount "51"]
[EventDate "2011.06.10"]
[EventType "swiss"]
[EventRounds "7"]
[EventCountry "NED"]
[Source "P.Boonen"]
[SourceDate "2012.01.01"]

1. f4 d5 2. b3 Nf6 3. Bb2 e6 4. Nf3 Nbd7 5. e3 c5 6. Be2 Be7 7. O-O b6 8. Qe1
Bb7 9. Ne5 Nxe5 10. Bxe5 Bd6 11. Bb5+ Ke7 12. Bb2 a6 13. Be2 Kd7 14. d3 Kc7 15.
Nd2 Kb8 16. c4 dxc4 17. Nxc4 Ka7 18. Bf3 Bxf3 19. Rxf3 Rg8 20. e4 Ne8 21. e5
Be7 22. Rd1 Nc7 23. d4 Nd5 24. dxc5 Bxc5+ 25. Bd4 Be7 26. Bxb6+ 1-0

[Event "ENCI Limburg-open C"]
[Site "Maastricht"]
[Date "2011.06.13"]
[Round "7"]
[White "Smet, Louis"]
[Black "Van Broekhoven, Stefan"]
[Result "0-1"]
[WhiteElo "900"]
[BlackElo "1415"]
[PlyCount "62"]
[EventDate "2011.06.10"]
[EventType "swiss"]
[EventRounds "7"]
[EventCountry "NED"]
[Source "P.Boonen"]
[SourceDate "2012.01.01"]

1. e4 e5 2. Nf3 Nf6 3. Nxe5 d6 4. Nf3 Nxe4 5. Bc4 Bg4 6. a3 Bh5 7. d3 Nc5 8.
O-O Be7 9. Bd5 c6 10. Bc4 O-O 11. d4 d5 12. Be2 Ne4 13. Nfd2 Bxe2 14. Qxe2 Ng5
15. Re1 Re8 16. Nf3 Ne6 17. Ne5 Nxd4 18. Qd3 Ne6 19. Qf5 Rf8 20. Nxf7 Rxf7 21.
Qxe6 Nd7 22. Be3 Nc5 23. Bxc5 Bxc5 24. Nc3 Bxf2+ 25. Kh1 Bxe1 26. Rxe1 Qf8 27.
g4 Kh8 28. Kg1 Rf2 29. Qd7 Rxc2 30. Qxb7 Qf2+ 31. Kh1 Qxe1# 0-1

[Event "ENCI Limburg-open C"]
[Site "Maastricht"]
[Date "2011.06.13"]
[Round "7"]
[White "Snoeks, Pieter Jan"]
[Black "Geene, Joris"]
[Result "1-0"]
[WhiteElo "1530"]
[BlackElo "1583"]
[PlyCount "137"]
[EventDate "2011.06.10"]
[EventType "swiss"]
[EventRounds "7"]
[EventCountry "NED"]
[Source "P.Boonen"]
[SourceDate "2012.01.01"]

1. Nf3 Nc6 2. b3 d5 3. d4 Bf5 4. Bb2 e6 5. e3 Bd6 6. Be2 Nf6 7. O-O O-O 8. Nbd2
Qd7 9. c4 Rfe8 10. Ne5 Bxe5 11. dxe5 Ne4 12. Nxe4 Bxe4 13. f3 Bg6 14. cxd5 exd5
15. Bb5 a6 16. Bxc6 Qxc6 17. Rc1 Qd7 18. e4 c6 19. exd5 Qxd5 20. Qxd5 cxd5 21.
Rc7 b5 22. Rd1 Rad8 23. Rc6 h6 24. Rxa6 Ra8 25. Rxa8 Rxa8 26. a3 Rd8 27. Rd2
Kf8 28. Kf2 Ke7 29. Ke3 Ke6 30. g4 f5 31. exf6 gxf6 32. Kf4 Be8 33. h4 Rd6 34.
g5 fxg5+ 35. hxg5 hxg5+ 36. Kxg5 Kf7 37. Kf5 Bd7+ 38. Ke5 Re6+ 39. Kxd5 Re3 40.
Kc5 Be8 41. f4 Rxb3 42. f5 Rf3 43. f6 Re3 44. Rg2 Rb3 45. Rg7+ Kf8 46. Be5 Bf7
47. Bd6+ Ke8 48. Kb6 Re3 49. Kxb5 Rb3+ 50. Ka5 Rb7 51. Be7 Rb1 52. Ka6 Bc4+ 53.
Ka7 Rb5 54. Bb4 Rf5 55. Re7+ Kd8 56. Re4 Bf7 57. a4 Rd5 58. Re7 Rd7+ 59. Rxd7+
Kxd7 60. Kb8 Kc6 61. a5 Bd5 62. a6 Kd7 63. a7 Ke6 64. Be7 Kf7 65. a8=Q Bxa8 66.
Kxa8 Ke8 67. Kb7 Kd7 68. Kb6 Ke6 69. Kc6 1-0